Statistics for Swiss General Knowledge #2

Click here to take the quiz!

General Stats

  • This quiz has been taken 93 times
  • The average score is 12 of 20

Answer Stats

ClueAnswer% Correct
Biggest cityZurich
100%
River flowing through BaselRhine
87%
Internet domain.ch
85%
Suisse
84%
"Rösti" consists of what?Potatoes
79%
"Switzerland" in the four official languagesSchweiz
78%
Current Swiss ice hockey championSC Bern
77%
Bernese city; the name means 'between the lakes'Interlaken
73%
Svizzera
70%
Major right-wing partySwiss People's Party
62%
Year Switzerland was founded1291
61%
Major left-wing partySocial Democratic Party
59%
City located at the south of Lake NeuchatelYverdon-les-Bains
49%
Canton where ^ is locatedValais
48%
Swiss soccer club, stood 13x in the finals, never lost any of themFC Sion
46%
Canton with the geographical centerObwalden
43%
Svizra
41%
Final home of Charlie ChaplinVevey
35%
What ^ meansConfoederatio Helvetica
34%
If you travel from Meiringen to Oberwald, which mountain pass are you crossing?Grimsel Pass
22%

Score Distribution

Percentile by Number Answered

Percent of People with Each Score

Your Score History

You have not taken this quiz